Galeries Laietanes : us conviden a visitar l'exposició de quadros antics que tindrà lloc el dia 28 d'abril fins l'11 de maig de 1928 us conviden a visitar l'exposició de quadros antics que tindrà lloc el dia 28 d'abril fins l'11 de maig de 1928

Publicado: Barcelona : Galeries Laietanes , 1928
Descripción Física: full plegat ; 15'5 x 12 cm
Idioma: Catalán

MARC

LEADER 00000nam a2200000 a 4500
001 24901
003 AGDB
005 20260324181543.0
008 260113b spa||||| |||| 00| 0 cat d
040 |a agdb  |b cat 
041 |a cat 
110 |a Galeries Laietanes  |9 72928  |e institució d'acollida 
245 |a Galeries Laietanes :   |b us conviden a visitar l'exposició de quadros antics que tindrà lloc el dia 28 d'abril fins l'11 de maig de 1928 
260 |a Barcelona :  |b Galeries Laietanes,  |c 1928 
300 |a full plegat ;  |c 15'5 x 12 cm 
500 |a Prové del fons Joan Junyer i Pascual (1909-1994) 
500 |a Catàleg de l'exposició celebrada a les Galeries Laietanes, Barcelona, del 28 d'abril a l'11 de maig de 1928 
650 |a Fons Joan Junyer i Pascual (1909-1994)  |9 72777 
650 0 |a Art  |x Exposicions   |2 Arxiu  |9 43798 
650 0 |a Art  |x Catàlegs  |9 26592 
650 0 |a Galeries d'art  |x Catàlegs  |9 72877 
942 |2 udc  |c ARXIU  |n 1 
952 |0 0  |1 0  |2 udc  |4 0  |6 F504327  |7 1  |9 98922  |a Arxiu  |b Arxiu  |d 2026-01-13  |l 0  |o F-504-327  |p 24901  |r 2026-01-13 09:54:43  |w 2026-01-13  |y ARXIU  |z Exemplar en mal estat de conservació 
999 |c 130590  |d 130590